000 00502nam a22001457a 4500
005 20250901105442.0
008 250901b |||||||| |||| 00| 0 eng d
050 _aRES HD 38.5 .M36 2017
_bC. 1
100 _aMAMBOLEO, MORINWA DOUGLAS
245 _aAN ASSESSMENT OF THE EFFECTS OF STRATEGIC INNOVATION AND COMPETITIVENESS OF THE SUPPLY CHAIN MANAGEMENT
_bA CASE OF SANGANYI TEA FACTORY
260 _aKISII
_bKSU
_c2017
300 _aVII, 40P.,ILL;
500 _aINCLUDES REFERENCES
942 _2lcc
_cREF
999 _c216057
_d216057